| 000 | 01137nam a2200349 i 4500 | ||
|---|---|---|---|
| 003 | EG-GICUC | ||
| 005 | 20260208151624.0 | ||
| 008 | 260208s2005 fr ||fr|||| 001 0 fre d | ||
| 020 | _a2247060536 | ||
| 040 |
_aEG-GiCUC _bita _cEG-GiCUC _dEG-GiCUC _eRda |
||
| 041 | 0 | _aita | |
| 082 | 0 | 4 |
_221 _a341.84 _bSO . C |
| 092 | 0 | 4 | _221 |
| 099 | _aLaw1 12 341.84 SO . C 2005 | ||
| 100 | 1 |
_aSouleau-bertrand, Mathilde _eAuteur |
|
| 245 | 1 | 3 |
_aLe Conflit Mobile 2005 / _cMathilde Souleau-bertrand; Préface De Paul Lagarde. |
| 264 | 1 |
_aParis : _bDalloz, _c2005. |
|
| 300 |
_a421 page, _c24 cm. |
||
| 336 |
_2rda contenu _a texte |
||
| 337 |
_2rda medias _aOrdinateur |
||
| 338 |
_2 transporteur rda _a Ressource en ligne |
||
| 490 | _aNouvelle Bibliothèque De Thèses | ||
| 504 | _aComprend des références bibliographiques. | ||
| 504 | _aBibliographie : pages 394-409 | ||
| 546 | _aTexte en français | ||
| 650 | 1 | 4 |
_aDroit international privé _2 |
| 651 | 1 | _2 | |
| 700 | 1 |
_aLagarde, Paul _ePréfacier |
|
| 856 | 4 | 0 | _uhttps://fll.law.cu.edu.eg/fulltext/bks/B12-02388.pdf |
| 905 | _a48 | ||
| 942 |
_2ddc _cBK _e21 _n0 |
||
| 999 |
_c61680 _d61680 |
||